Les Bourreaux du LOSC en Coupe d'Europe (2001–2025) đŸ„€ - Statistiques

Statistiques générales
  • Ce quiz a Ă©tĂ© pris 40 fois
  • Le rĂ©sultat moyen est 5 sur 16
Statistiques - réponses
Hint Réponse % Correct
2021/2022 Chelsea
81%
2023/2024 Aston Villa
78%
2006/2007 Manchester United
69%
2001/2002 Borussia Dortmund
50%
2024/2025 Borussia Dortmund
50%
2019/2020 Ajax Amsterdam
47%
2020/2021 Ajax Amsterdam
47%
2009/2010 Liverpool
47%
2012/2013 Valence
22%
2005/2006 FC Séville
13%
2010/2001 PSV Eindhoven
13%
2004/2005 AJ Auxerre
6%
2014/2015 Wolfsburg
6%
2016/2017 Garabag
0%
2011/2012 Trabzonspor
0%
2002/2003 VfB Stuttgart
0%
Aucun quiz correspondant
Distribution des résultats
% des personnes avec chaque résultat
Percentile par nombre de réponses
Votre historique - résultats
Vous n’avez pas pris ce quiz